000 00324nam a2200145Ia 4500
008 230605s2004 xx 000 0 und d
041 _aeng
100 _aChoudhari
245 _aNatural Wonders Of Asia
260 _bNew holland pub
_c2004
300 _a176p
520 _aGeneral
520 _aHard Board
650 _aB
999 _c421136
_d421136